| 000 | 00621nam a2200229 a 4500 | ||
|---|---|---|---|
| 005 | 20210223123946.0 | ||
| 008 | 991125n 000 0 spa u | ||
| 035 | _aUPN01000086387 | ||
| 100 | 1 |
_aGalván Lafarga, Luz Elena _937756 |
|
| 222 | 0 | _aREVISTA LATINOAMERICANA DE ESTUDIOS EDUCATIVOS | |
| 245 | 0 | 0 | _aMaestras y maestros en el tiempo : una mirada desde la historia |
| 260 | _aMéxico | ||
| 300 | _a165-191 | ||
| 362 | 0 | _a1996 Vol. 26, no. 2 | |
| 653 | 0 | _aHISTORIA | |
| 653 | 0 | _aMAESTROS | |
| 653 | 0 | _aMEXICO | |
| 653 | 0 | _aSIGLO XIX | |
| 653 | 0 | _aSIGLO XX | |
| 904 |
_aAC _b024198 |
||
| 905 | _aArticulo | ||
| 999 |
_c72304 _d72304 |
||